| 000 | 00862nam a22002657a 4500 | ||
|---|---|---|---|
| 001 | 9813 | ||
| 003 | FISKH | ||
| 005 | 20260226150256.0 | ||
| 008 | 260226b cb ||||| |||| 00| 0 eng d | ||
| 020 | _a9781583408513 | ||
| 040 |
_aFISKH _beng _cFISKH _dFISKH |
||
| 082 | _a551 | ||
| 100 | _aMacDonald , Margaret | ||
| 245 |
_aBad weather / _cWritten by Margaret MacDonald |
||
| 260 |
_aMankato : _bSmart Apple Media , _c2006 . |
||
| 300 |
_a16 pages : _bcolor illustrations ; _c19 cm . |
||
| 490 |
_aLearn-Abouts _vLevel 4 |
||
| 505 | _aH | ||
| 520 | _aPart of the Learn-Abouts guided reading program, this beginning reader introduces a nonfiction topic, with the use of a picture dictionary. | ||
| 521 | 8 |
_a430
_bLexile |
|
| 521 | 8 |
_aH
_bRaz-Plus |
|
| 700 |
_aAdeane-Nancarrow , Ruth _eEditor |
||
| 942 |
_2ddc _cBK _n0 |
||
| 999 |
_c9813 _d9813 |
||